Vida, libros y deberes
Salvato in:
| Autori principali: | , , |
|---|---|
| Natura: | Libro |
| Lingua: | spagnolo |
| Pubblicazione: |
Buenos Aires
Centro Regional de Ayuda Técnica
1969
Buenos Aires Agencia Regional para el Desarrollo Internacional 1969 |
| Soggetti: | |
| Tags: |
Aggiungi Tag
Nessun Tag, puoi essere il primo ad aggiungerne!!
|
MARC
| LEADER | 00000nam a2200000 a 4500 | ||
|---|---|---|---|
| 001 | UCZ9861 | ||
| 003 | CL-VaPUC | ||
| 008 | 960311e19690000AG |||||||||||||||||spa|d | ||
| 082 | 0 | 4 | |a 371.307 |b SOM |2 21 |
| 100 | 0 | |a Sommers, Norman L |e author |9 354808 | |
| 700 | 0 | |a Spears, William R |e author |9 354809 | |
| 700 | 0 | |a Burchfield, Maurice D |e author |9 354810 | |
| 245 | 1 | 0 | |a Vida, libros y deberes |
| 300 | |a 167 p | ||
| 942 | |c BK | ||
| 945 | |d 19960311 00:00:00 |a paguirre | ||
| 260 | |a Buenos Aires |b Centro Regional de Ayuda Técnica |c 1969 | ||
| 260 | |a Buenos Aires |b Agencia Regional para el Desarrollo Internacional |c 1969 | ||
| 650 | 0 | |a Métodos de enseñanza |9 270413 | |
| 650 | 7 | |a BIBLIOTECAS ESCOLARES |2 CL-VaPUC |9 334525 | |
| 650 | 7 | |a BIBLIOTECAS DE ESCUELAS PRIMARIAS |2 CL-VaPUC |9 338708 | |
| 650 | 7 | |a LIBROS PARA NIÑOS |2 CL-VaPUC |9 338707 | |
| 650 | 0 | |a Medios de comunicación |9 257206 | |
| 583 | |a last modification |c 20130414 10:04:10 |k Rodrigo Vera | ||
| 999 | |c 244917 |d 244915 | ||
| 952 | |0 0 |1 0 |4 0 |6 371_307000000000000_SOM_1969_1969 |7 0 |8 P |9 259194 |a BIBEDU |b BIBEDU |c BIBEDU_PB |d 2019-11-19 |i 1630717 |o 371.307 SOM 1969 1969 |p 1630717 |r 2024-01-25 |w 2019-11-19 |y BK |k EDU | ||